Statystyki dla 50 najpiękniejszych miast na świecie

Kliknij tutaj aby rozwiązać quiz!

Ogólne statystyki

  • Ten quiz został rozwiązany 141 razy
  • Średni wynik to 25 z 50

Statystyki odpowiedzi

#MiastoKraj% Poprawnych
1ParyżFrancja
100%
10RzymWłochy
97%
3LondynWielka Brytania/Anglia
96%
2Nowy JorkStany Zjednoczone
93%
27MadrytHiszpania
91%
6BarcelonaHiszpania
85%
12LizbonaPortugalia
84%
14PragaCzechy
82%
18TokioJaponia
78%
13AmsterdamHolandia
77%
19WiedeńAustria
75%
16BudapesztWęgry
70%
49PekinChiny
70%
15Rio de JaneiroBrazylia
69%
36BerlinNiemcy
68%
17StambułTurcja
68%
9SydneyAustralia
67%
50AtenyGrecja
64%
21TorontoKanada
63%
20Buenos AiresArgentyna
61%
4WenecjaWłochy
61%
35Sankt PetersburgRosja
59%
11SingapurSingapur
59%
45DublinIrlandia
55%
40SeulKorea Południowa
52%
30JerozolimaIzrael
51%
29DubajZjednoczone Emiraty Arabskie
50%
25ChicagoStany Zjednoczone
48%
7KapsztadRepublika Południowej Afryki
46%
28HawanaKuba
41%
31EdynburgWielka Brytania/Szkocja
39%
8San FranciscoStany Zjednoczone
39%
33ZurychSzwajcaria
38%
43BangkokTajlandia
36%
37HanoiWietnam
32%
5VancouverKanada
31%
32QuitoEkwador
27%
41DubrownikChorwacja
25%
24Hong KongChiny
23%
46MarakeszMaroko
16%
26BrugiaBelgia
15%
47BergenNorwegia
14%
23Quebec CityKanada
12%
22San DiegoStany Zjednoczone
10%
42San SebastianHiszpania
5%
34CuzcoPeru
4%
48DżajpurIndie
2%
44KartagenaKolumbia
2%
38QueenstownNowa Zelandia
2%
39San Miguel de AllendeMeksyk
2%

Rozkład punktacji

Percentyl według liczby udzielonych odpowiedzi

Procent ludzi z każdym wynikiem

Twoja historia wyników

Nie rozwiązałeś tego quizu